[Event "Padova op 8th"]
[Site "Padova"]
[Date "2005.12.10"]
[Round "1"]
[White "Dragojlovic, Andjelko"]
[Black "Canazza, Alessandro"]
[Result "1-0"]
[WhiteElo "2309"]
[BlackElo "1727"]
[PlyCount "55"]
[EventDate "2005.12.10"]
[EventType "swiss"]
[EventRounds "9"]
[EventCountry "ITA"]
[SourceTitle "EXT 2008"]
[Source "ChessBase"]
[SourceDate "2007.11.25"]
[SourceVersion "1"]
[SourceVersionDate "2007.11.25"]
[SourceQuality "1"]

1. e4 c6 2. d4 d5 3. Nd2 dxe4 4. Nxe4 Bf5 5. Ng3 Bg6 6. Nh3 e6 7. Nf4 Nd7 8. h4 Qc7 9. h5 Bf5 10. Nxf5 exf5 11. Bc4 Bd6 12. Qf3 Nb6 13. Bd3 Ne7 14. c4 Bb4+ 15. Kf1 c5 16. a3 Ba5 17. dxc5 Qe5 18. Qe3 Nd7 19. Qxe5 Nxe5 20. Be2 0-0-0 21. b4 Bc7 22. g3 h6 23. Kg2 g5 24. hxg6 fxg6 25. Ne6 Rd7 26. Nxc7 Kxc7 27. Bxh6 Ng4 28. Bf4+ 1-0

[Event "Veneto-ch Quarti di Finale 64th"]
[Site "Arqua Petrarca"]
[Date "2004.05.09"]
[Round "2.22"]
[White "Bozzao, Francesco"]
[Black "Canazza, Alessandro"]
[Result "0-1"]
[WhiteElo "1646"]
[BlackElo "1772"]
[PlyCount "64"]
[EventDate "2004.05.08"]
[EventType "swiss"]
[EventRounds "6"]
[EventCountry "ITA"]
[SourceTitle "EXT 2023"]
[Source "ChessBase"]
[SourceDate "2022.10.05"]
[SourceVersion "1"]
[SourceVersionDate "2022.10.05"]
[SourceQuality "1"]

1. d4 Nf6 2. c4 g6 3. Nc3 d5 4. cxd5 Nxd5 5. e4 Nxc3 6. bxc3 Bg7 7. Bc4 c5 8. Be3 Nc6 9. Ne2 0-0 10. 0-0 Qc7 11. Rc1 Rd8 12. Qc2 a6 13. Qb1 b5 14. Bb3 Bb7 15. f4 e6 16. g4 Na5 17. dxc5 Nc4 18. Bxc4 bxc4 19. Bd4 f5 20. Qb6 Qxb6 21. cxb6 Bxe4 22. Bxg7 Rd2 23. Rf2 Kxg7 24. Nd4 Rxf2 25. Kxf2 Kf6 26. g5+ Ke7 27. Ke3 Kf7 28. Rd1 Rb8 29. Rd2 Rxb6 30. Nc2 Bxc2 31. Rxc2 Rd6 32. Rd2 Rb6 0-1

[Event "Veneto-ch Quarti di Finale 64th"]
[Site "Arqua Petrarca"]
[Date "2004.05.08"]
[Round "1.1"]
[White "Canazza, Alessandro"]
[Black "Cacco, Christian"]
[Result "0-1"]
[WhiteElo "1772"]
[BlackElo "2319"]
[PlyCount "114"]
[EventDate "2004.05.08"]
[EventType "swiss"]
[EventRounds "6"]
[EventCountry "ITA"]
[SourceTitle "EXT 2023"]
[Source "ChessBase"]
[SourceDate "2022.10.05"]
[SourceVersion "1"]
[SourceVersionDate "2022.10.05"]
[SourceQuality "1"]

1. Nf3 g6 2. g3 Bg7 3. Bg2 e5 4. d3 d5 5. 0-0 Ne7 6. c4 c6 7. Nbd2 0-0 8. Rb1 a5 9. Qa4 Bd7 10. cxd5 cxd5 11. Qh4 Nbc6 12. Nb3 b6 13. Bh6 Bxh6 14. Qxh6 Nf5 15. Qg5 a4 16. Qxd8 Rfxd8 17. Nbd2 f6 18. Rfc1 Nfe7 19. Rc3 Be6 20. b4 axb3 21. Rcxb3 e4 22. Ne1 Rxa2 23. R3b2 Rxb2 24. Rxb2 exd3 25. Nxd3 Rb8 26. Nf4 Kf7 27. e3 b5 28. h4 g5 29. hxg5 fxg5 30. Nd3 b4 31. f4 h6 32. e4 Kf6 33. fxg5+ hxg5 34. exd5 Bxd5 35. Bxd5 Nxd5 36. Nc5 Rb5 37. Ncb3 Nc3 38. Kg2 g4 39. Kf1 Rf5+ 40. Kg2 Nd1 41. Ra2 Ne3+ 42. Kg1 Ke6 43. Ra6 Kd7 44. Ra8 Rd5 45. Kf2 Nf5 46. Rg8 Ne5 47. Rb8 Nd3+ 48. Kg2 Re5 49. Rg8 Re2+ 50. Kg1 Re1+ 51. Kh2 Ne3 52. Rf8 Ke7 53. Rg8 Nf2 54. Nf1 Rxf1 55. Rg7+ Kf8 56. Rg6 Kf7 57. Nd2 Rh1# 0-1

[Event "Padova op-A 6th"]
[Site "Padova"]
[Date "2003.12.20"]
[Round "8.8"]
[White "Rigo, Gianfrancesco"]
[Black "Canazza, Alessandro"]
[Result "1-0"]
[WhiteElo "2059"]
[BlackElo "1594"]
[PlyCount "79"]
[EventDate "2003.12.13"]
[EventType "swiss"]
[EventRounds "9"]
[EventCountry "ITA"]
[SourceTitle "EXT 2024"]
[Source "ChessBase"]
[SourceDate "2023.10.10"]
[SourceVersion "1"]
[SourceVersionDate "2023.10.10"]
[SourceQuality "1"]

1. e4 c5 2. Nf3 d6 3. d4 cxd4 4. Nxd4 Nf6 5. Nc3 a6 6. Bc4 e6 7. Be3 Be7 8. Qe2 0-0 9. 0-0-0 b5 10. Bb3 Nbd7 11. Nc6 Qe8 12. Bf4 e5 13. Bg5 Bb7 14. Nxe7+ Qxe7 15. Bd5 Rab8 16. Bxb7 Rxb7 17. Qd2 Rc8 18. f3 Rbc7 19. Kb1 Rc6 20. Rc1 Qe6 21. Nd5 Kh8 22. Rhd1 Nb6 23. Bxf6 gxf6 24. Qh6 Nd7 25. g4 Rg8 26. Rg1 Rg6 27. Qh4 Nb6 28. Rcd1 Nd7 29. Qf2 Qe8 30. h4 Rg7 31. Ne3 Qe6 32. Nf5 Rg8 33. Rd2 Rgc8 34. Rgd1 b4 35. Rxd6 Rxd6 36. Rxd6 Qe8 37. Qd2 Nf8 38. Qh6 Ne6 39. Rxe6 Qg8 40. Qxf6+ 1-0

[Event "Padova op-A 6th"]
[Site "Padova"]
[Date "2003.12.16"]
[Round "4.12"]
[White "Canazza, Alessandro"]
[Black "Fragni, Enrico"]
[Result "1/2-1/2"]
[WhiteElo "1594"]
[BlackElo "1447"]
[PlyCount "90"]
[EventDate "2003.12.13"]
[EventType "swiss"]
[EventRounds "9"]
[EventCountry "ITA"]
[SourceTitle "EXT 2024"]
[Source "ChessBase"]
[SourceDate "2023.10.10"]
[SourceVersion "1"]
[SourceVersionDate "2023.10.10"]
[SourceQuality "1"]

1. c4 c6 2. Nc3 d6 3. d4 Qc7 4. e4 e5 5. d5 Nf6 6. Be3 Be7 7. Be2 a6 8. dxc6 bxc6 9. Nf3 Bg4 10. 0-0 Nbd7 11. h3 Bxf3 12. Bxf3 0-0 13. Qd2 Rfd8 14. Rac1 Rab8 15. b3 Nc5 16. Qc2 Ne6 17. Rfd1 Rd7 18. g3 Qb7 19. Bg2 Bd8 20. Na4 c5 21. Qd2 Nd4 22. f3 Nh5 23. Kh2 Qc8 24. f4 exf4 25. gxf4 Bf6 26. Nc3 Qe8 27. Ne2 Nxe2 28. Qxe2 g6 29. Qg4 Qe6 30. Qxe6 fxe6 31. Bxc5 Nxf4 32. Be3 Be5 33. Kh1 Nxg2 34. Kxg2 Rc7 35. Bd4 Bxd4 36. Rxd4 Rc6 37. Rcd1 Rbb6 38. Rf1 Kg7 39. Rd2 Rb7 40. Rdf2 d5 41. exd5 exd5 42. cxd5 Rd6 43. Rd2 Rb5 44. Rfd1 Kf6 45. Rd4 Ke5 1/2-1/2

[Event "Padova op-A 5th"]
[Site "Padova"]
[Date "2002.12.15"]
[Round "2.10"]
[White "Canazza, Alessandro"]
[Black "Navarro, Stefano"]
[Result "0-1"]
[WhiteElo "1651"]
[BlackElo "1978"]
[PlyCount "96"]
[EventDate "2002.12.14"]
[EventType "swiss"]
[EventRounds "6"]
[EventCountry "ITA"]
[SourceTitle "EXT 2023"]
[Source "ChessBase"]
[SourceDate "2022.10.05"]
[SourceVersion "1"]
[SourceVersionDate "2022.10.05"]
[SourceQuality "1"]

1. d4 d5 2. Nf3 e6 3. Bf4 Nf6 4. e3 Bd6 5. Bxd6 Qxd6 6. c3 Nbd7 7. Nbd2 0-0 8. Bd3 e5 9. dxe5 Nxe5 10. Nxe5 Qxe5 11. Nf3 Qe7 12. 0-0 Bg4 13. Kh1 Rad8 14. Qc2 Ne4 15. c4 Bxf3 16. gxf3 Ng5 17. cxd5 Rxd5 18. Be2 Rfd8 19. Rad1 c6 20. Rxd5 cxd5 21. Rd1 Ne6 22. Qc3 Qh4 23. Kg2 d4 24. Qc1 Re8 25. Rd3 dxe3 26. Rxe3 Nf4+ 27. Kh1 Rd8 28. Qe1 Nh3 29. Bf1 Kf8 30. Bxh3 Qxh3 31. Qb4+ Kg8 32. Qe1 Qd7 33. Kg2 h6 34. Re7 Qc6 35. Qe4 Qxe4 36. fxe4 Rb8 37. f4 Kf8 38. Rc7 a6 39. e5 b5 40. Kf3 Rd8 41. Ke2 Rd4 42. Ke3 Rd1 43. Ra7 Rh1 44. Rxa6 Rxh2 45. b4 Rb2 46. a4 Rxb4 47. axb5 Rxb5 48. Ke4 Rb4+ 0-1

[Event "Padova Fornace op 4th"]
[Site "Padova"]
[Date "2001.12.15"]
[Round "1.19"]
[White "Canazza, Alessandro"]
[Black "Viaggi, Stefano"]
[Result "0-1"]
[WhiteElo "1500"]
[BlackElo "1764"]
[PlyCount "110"]
[EventDate "2001.12.15"]
[EventType "swiss"]
[EventRounds "6"]
[EventCountry "ITA"]
[SourceTitle "EXT 2024"]
[Source "ChessBase"]
[SourceDate "2023.10.10"]
[SourceVersion "1"]
[SourceVersionDate "2023.10.10"]
[SourceQuality "1"]

1. d4 d5 2. c4 c6 3. Nf3 Nf6 4. Nc3 dxc4 5. e3 b5 6. a4 b4 7. Na2 e6 8. Bxc4 Ba6 9. Qd3 Bxc4 10. Qxc4 Qd5 11. Qxd5 cxd5 12. Bd2 a5 13. b3 Bd6 14. Nc1 Ne4 15. Nd3 f6 16. Rc1 Kd7 17. Ke2 Nc6 18. Rc2 Rhc8 19. Rhc1 Rc7 20. Nfe1 Rac8 21. f3 Nc3+ 22. Bxc3 bxc3 23. h3 Bb4 24. Nf2 Ba3 25. Ra1 Bb2 26. Rb1 Nb4 27. Rcxb2 cxb2 28. Rxb2 Kd6 29. Nfd3 Nxd3 30. Nxd3 Rc2+ 31. Rxc2 Rxc2+ 32. Kd1 Rxg2 33. Nc5 h5 34. Nb7+ Kc6 35. Nd8+ Kd7 36. Nb7 Kc7 37. Nc5 e5 38. Nd3 Kd6 39. dxe5+ fxe5 40. f4 e4 41. Ne5 Rg3 42. Kd2 Rxh3 43. Nf7+ Kc5 44. Ng5 Rh2+ 45. Kc3 Rg2 46. Ne6+ Kd6 47. Ng5 Rxg5 48. fxg5 h4 49. b4 axb4+ 50. Kxb4 h3 51. Kb5 h2 52. a5 h1Q 53. Kb6 Qb1+ 54. Ka7 Kc7 55. g6 Qb7# 0-1

[Event "IECG CP.2000.P.00065"]
[Site "IECG email"]
[Date "2000.10.01"]
[Round "?"]
[White "Percze, Janos"]
[Black "Canazza, Alessandro"]
[Result "1-0"]
[WhiteElo "2241"]
[BlackElo "800"]
[PlyCount "45"]
[EventDate "2000.10.01"]
[EventType "tourn (corr)"]
[EventRounds "6"]
[EventCountry "HUN"]
[SourceTitle "Corr 2008"]
[Source "ChessBase"]
[SourceDate "2008.06.24"]
[SourceVersion "1"]
[SourceVersionDate "2008.06.24"]
[SourceQuality "1"]

1. e4 e6 2. d4 d5 3. Nd2 Nf6 4. e5 Nfd7 5. Bd3 c5 6. c3 Nc6 7. Ne2 cxd4 8. cxd4 f6 9. exf6 Nxf6 10. 0-0 Bd6 11. Nf3 0-0 12. Bf4 Bxf4 13. Nxf4 Ne4 14. Ne2 Rxf3 15. gxf3 Ng5 16. Kh1 e5 17. dxe5 Nxf3 18. Bxh7+ Kh8 19. Ng1 Ncd4 20. Bd3 Bg4 21. Qc1 Qh4 22. Qf4 g5 23. Qg3 1-0

[Event "IECG CN.2000.0.00214"]
[Site "IECG email"]
[Date "2000.09.19"]
[Round "?"]
[White "Canazza, Alessandro"]
[Black "Ribeiro, Rogerio"]
[Result "0-1"]
[WhiteElo "800"]
[BlackElo "965"]
[PlyCount "44"]
[EventDate "2000.09.19"]
[EventType "tourn (corr)"]
[EventRounds "6"]
[SourceTitle "Corr 2008"]
[Source "ChessBase"]
[SourceDate "2008.06.24"]
[SourceVersion "1"]
[SourceVersionDate "2008.06.24"]
[SourceQuality "1"]

1. e4 c5 2. c3 d5 3. exd5 Qxd5 4. d4 Nf6 5. Nf3 Bg4 6. Be2 e6 7. c4 Qd7 8. Be3 cxd4 9. Qxd4 Bb4+ 10. Nbd2 Qe7 11. Bg5 Nc6 12. Bxf6 Nxd4 13. Bxe7 Bxd2+ 14. Kxd2 Bxf3 15. Bxf3 Nxf3+ 16. gxf3 Kxe7 17. Ke3 Rac8 18. b3 Rc5 19. f4 Rd8 20. Rad1 Rxd1 21. Rxd1 Rh5 22. Rg1 g6 0-1

[Event "SEMI B013 email"]
[Site "SEMI email"]
[Date "2000.09.01"]
[Round "?"]
[White "Briceno Ochoa, Jose Antonio"]
[Black "Canazza, Alessandro"]
[Result "1-0"]
[WhiteElo "1300"]
[BlackElo "1000"]
[PlyCount "37"]
[EventDate "2000.09.01"]
[EventType "tourn (corr)"]
[EventRounds "6"]
[EventCountry "ITA"]
[SourceTitle "Corr 2004"]
[Source "ChessBase"]
[SourceDate "2003.04.28"]
[SourceVersion "3"]
[SourceVersionDate "2003.04.28"]
[SourceQuality "1"]

1. e4 e5 2. f4 exf4 3. Nf3 d5 4. exd5 Nf6 5. Bb5+ c6 6. dxc6 Nxc6 7. d4 Bd6 8. Qe2+ Be6 9. Bxc6+ bxc6 10. c4 0-0 11. 0-0 Re8 12. Qd3 Bg4 13. Nc3 Rb8 14. b3 Bc5 15. Bxf4 Bd6 16. Bg5 Re6 17. Bxf6 Qxf6 18. Ne5 Qg5 19. Nxf7 1-0

[Event "SEMI B013 email"]
[Site "SEMI email"]
[Date "2000.09.01"]
[Round "?"]
[White "Squillante, Michele"]
[Black "Canazza, Alessandro"]
[Result "1-0"]
[WhiteElo "1654"]
[BlackElo "1000"]
[PlyCount "39"]
[EventDate "2000.09.01"]
[EventType "tourn (corr)"]
[EventRounds "6"]
[EventCountry "ITA"]
[SourceTitle "Corr 2004"]
[Source "ChessBase"]
[SourceDate "2003.04.28"]
[SourceVersion "3"]
[SourceVersionDate "2003.04.28"]
[SourceQuality "1"]

1. d4 f5 2. Nf3 Nf6 3. g3 g6 4. Bg2 Bg7 5. 0-0 0-0 6. c4 d6 7. Nc3 Qe8 8. d5 c6 9. Rb1 Na6 10. b4 Bd7 11. a3 h6 12. Bb2 Nc7 13. Nd4 cxd5 14. cxd5 Rc8 15. e3 Nb5 16. Ncxb5 Bxb5 17. Re1 Bc4 18. Ne6 Rf7 19. Nxg7 Kxg7 20. Rc1 1-0